000 00725nam a2200253Ia 4500
003 OSt
005 20220925220545.0
006 a|||||r|||| 00| 0
007 ta
008 220923b |||||||| |||| 00| 0 eng d
020 _a0333629086
037 _cGeneral Book
040 _aRTL
_cRTL
_beng
041 _2eng
_aeng
082 _aX:89K..1(X).N9, N7
100 _aChatterji Manas
_9231585
245 0 _aRegional science
_b Perspectives for the future
260 _aLondon
_bMacmillan
_c1997
300 _axviii, 422p Bibliography chapterwise
_ccm.
650 _a Economics
650 _aLocation
942 _hX:89K..1(X).N9, N7
_cGB
_2CC
999 _c571781
_d571781